Los Angeles Airport (LAX) Destinations on a Map - Statistics

General Stats
  • This quiz has been taken 249 times
  • The average score is 116 of 171
Answers on the Map
Answers color-coded by a green-red scale on the quiz's map according to % correct below.
 
Answer Stats
Answer % Correct
Japan Tokyo
96%
Ireland Dublin
95%
United Kingdom London
95%
Spain Madrid
95%
Australia Sydney
95%
Canada Toronto
95%
Turkey Istanbul
94%
United States Miami
94%
France Paris
94%
Italy Rome
94%
South Korea Seoul
94%
The Netherlands Amsterdam
93%
Spain Barcelona
93%
China Beijing
93%
United States Boston
93%
United States Everett
93%
United States New York
93%
United States Seattle
93%
Austria Vienna
93%
Germany Frankfurt
92%
United States Honolulu
92%
China Shanghai
92%
Poland Warsaw
92%
United States Chicago
91%
Denmark Copenhagen
91%
United States Detroit
91%
UAE Dubai
91%
Finland Helsinki
91%
United States Houston
91%
Peru Lima
91%
Philippines Manila
91%
Australia Melbourne
91%
Mexico Mexico City
91%
Canada Montreal
91%
United States San Francisco
91%
Mexico San Jose del Cabo
91%
Brazil Sao Paulo
91%
United States Dallas
90%
United States Phoenix
90%
Chile Santiago
90%
Singapore Singapore
90%
United States Atlanta
89%
New Zealand Auckland
89%
United States Denver
89%
Qatar Doha
89%
Hong Kong Hong Kong
89%
Germany Munich
89%
United States Orlando
89%
United States San Diego
89%
Costa Rica | United States San Jose
89%
Taiwan Taipei
89%
United States Tampa
89%
Canada Vancouver
89%
United States Washington
89%
Switzerland Zurich
89%
United States Minneapolis
88%
United States New Orleans
88%
Japan Osaka
88%
Israel Tel Aviv
88%
United States Austin
87%
Australia Brisbane
87%
Canada Calgary
85%
Mexico Cancun
85%
United States Jackson
85%
United States Portland
85%
United States Salt Lake City
85%
Panama Panama City
84%
United States Philadelphia
84%
United States Cleveland
83%
United States Jacksonville
83%
Bahamas Nassau
83%
United States Anchorage
82%
United States Las Vegas
82%
United States San Antonio
82%
Canada Edmonton
81%
Mexico El Paso
81%
United States Nashville
81%
United States Sacramento
81%
Saudi Arabia Jeddah
80%
United States Kansas City
80%
United States Charlotte
79%
United States Baltimore
78%
United States Newark
78%
United States Cincinnati
77%
United States Columbus
77%
United States Fort Lauderdale
77%
China Guangzhou
77%
United States Oklahoma City
77%
United States St Louis
77%
Guatemala Guatemala City
76%
United States Indianapolis
76%
United States Memphis
76%
United States Raleigh
76%
United States Boise
75%
United States Pittsburgh
75%
United States Monterey
74%
Mexico Monterrey
74%
United States Buffalo
73%
El Salvador San Salvador
73%
United States Tucson
73%
Canada Winnipeg
72%
Belize Belize City
71%
Mexico Guadalajara
71%
United States Los Angeles
71%
China Shenzhen
71%
United States Albuquerque
69%
United States Des Moines
66%
United States Reno
65%
United States Spokane
65%
United States Louisville
64%
United States Omaha
63%
United States Richmond
63%
United States Hartford
61%
United States Oakland
60%
United States Tulsa
58%
United States Fresno
57%
China Xiamen
57%
French Polynesia Papeete
53%
United States Fort Myers
52%
United States Norfolk
51%
United States Santa Barbara
51%
Mexico Aguascalientes
49%
United States Aspen
49%
United States Charleston
49%
United States Eugene
49%
United States Flagstaff
47%
China Hangzhou
47%
United States Kailua-Kona
47%
United States Palm Springs
45%
United States West Palm Beach
45%
United States Bozeman
43%
United States Kahului
43%
United States St George
43%
United States Lihue
42%
Costa Rica Guanacaste
41%
Mexico Oaxaca
40%
United States Missoula
39%
Fiji Nadi
39%
United States San Luis Obispo
39%
United States Springfield
39%
Mexico Puerto Vallarta
38%
United States Vail
38%
United States Cedar Rapids
37%
United States Rapid City
35%
United States Medford
34%
United States Bellingham
33%
United States Redding
33%
United States Santa Rosa
32%
Mexico Leon
29%
Mexico Tulum
29%
Canada Kelowna
28%
United States Kalispell
27%
United States Prescott
26%
Mexico La Paz
25%
Mexico Mazatlan
23%
United States Redmond
22%
United States Montrose
21%
United States Bentonville
20%
Cayman Islands George Town
19%
Mexico Morelia
19%
United States Pasco
19%
Mexico Zacatecas
19%
United States Hayden
17%
Mexico Ixtapa
17%
United States Sun Valley
17%
United States Arcata
15%
Mexico Manzanillo
14%
United States Imperial
13%
Mexico Loreto
13%
Mexico Uruapan
9%
No matching quizzes found
Score Distribution
Percent of People with Each Score
Percentile by Number Answered
Your Score History
You have not taken this quiz